fundamentals of Data Base System (Record no. 1473)

MARC details
000 -LEADER
fixed length control field 00482nam a22001817a 4500
005 - DATE AND TIME OF LATEST TRANSACTION
control field 20180209120041.0
008 - FIXED-LENGTH DATA ELEMENTS--GENERAL INFORMATION
fixed length control field 160523b xxu||||| |||| 00| 0 eng d
020 ## - INTERNATIONAL STANDARD BOOK NUMBER
ISBN 978-81-317-1625-0
041 ## - LANGUAGE CODE
Language code of text/sound track or separate title eng
082 ## - DEWEY DECIMAL CLASSIFICATION NUMBER
Item number 4433
Classification number 005.74
100 ## - MAIN ENTRY--AUTHOR NAME
Personal name Elmasri, Ramez & Nautha, Shamkant B
245 ## - TITLE STATEMENT
Title fundamentals of Data Base System
250 ## - EDITION STATEMENT
Edition statement 5th ed.
260 ## - PUBLICATION, DISTRIBUTION, ETC. (IMPRINT)
Place of publication New Delhi
Name of publisher Academic Faundation
300 ## - PHYSICAL DESCRIPTION
Number of Pages 1062
650 ## - SUBJECT ADDED ENTRY--TOPICAL TERM
Topical Term Information Technology
942 ## - ADDED ENTRY ELEMENTS (KOHA)
Koha item type Books
Holdings
Lost status Damaged status Home library Current library Shelving location Date acquired Cost, normal purchase price Full call number Accession Number Koha item type Collection code
    JRU Library   SHELF -72 - I 23/05/2016 465.00 4433 4433 Books  
    JRU Library JRU Library SHELF-55-B 23/05/2016 465.00 005.74 4434 Books CS/IT